| 000 | 00659nam a2200241 a 4500 | ||
|---|---|---|---|
| 001 | nice12345678 | ||
| 003 | IN_TiNIC | ||
| 005 | 20260116012239.0 | ||
| 008 | 050524s1993 lona grp 000 0 eng | ||
| 020 |
_a0000874 _c70 |
||
| 082 | 0 | 0 |
_a297.122521 _bCRA |
| 100 | _aCragg, Kenneth | ||
| 245 |
_aReading in the Qur`an _b Selected and Translated With an Introductory Essay. |
||
| 260 |
_aLondon _bCollins Religious Pub. _c1993 |
||
| 300 | _a389p. | ||
| 500 | _aincludes index and biblioraphy | ||
| 505 | 2 | _aappendix, indices. | |
| 650 | _aQuran-Appreciation | ||
| 700 | 1 | _aCragg, Kenneth | |
| 902 | _bSRS | ||
| 942 | _cBK | ||
| 999 |
_c6229 _d6229 |
||